Diagnóza správna, liečba neznáma? Slovenské poľnohospodárstvo dnes.

Analýza štátnych dotácií pre slovenských poľnohospodárov v r. 1993. Kríza v poľnohospodárskej výrobe a ohrozenie jarných prác. Pokles rastlinnej a živočíšnej výroby a hľadanie východísk z terajšej situácie v poľnohospodárstve. Výsledky rokovania slovenských poľnohospodárskych odborníkov na seminári...

Descrizione completa

Salvato in:
Dettagli Bibliografici
Autore principale: Zábojníková, M.
Natura: Capitolo di libro
Lingua:slovacco
Soggetti:
Tags: Aggiungi Tag
Nessun Tag, puoi essere il primo ad aggiungerne!!

MARC

LEADER 00000naa a2200000 4500
001 r012011
005 20220826093348.4
041 0 |a slo 
044 |a CZ 
245 1 0 |a Diagnóza správna, liečba neznáma?  |b Slovenské poľnohospodárstvo dnes.  |c M. Zábojníková 
520 |a Analýza štátnych dotácií pre slovenských poľnohospodárov v r. 1993. Kríza v poľnohospodárskej výrobe a ohrozenie jarných prác. Pokles rastlinnej a živočíšnej výroby a hľadanie východísk z terajšej situácie v poľnohospodárstve. Výsledky rokovania slovenských poľnohospodárskych odborníkov na seminári Prognostického ústavu SAV. 
610 2 0 |a poľnohospodárstvo 
610 2 0 |a dotácie 
610 2 0 |a Slovensko 
610 2 0 |a 1993 
100 1 |a Zábojníková, M.